000 00569nam a22002057a 4500
999 _c14986
_d14986
003 PK-NaQUE
005 20250807121006.0
008 250130b ||||| |||| 00| 0 eng d
020 _a0070113556
020 _a9780070113558
040 _cQUEST
082 _a621.3CAT
100 _aCathey Jimmie J
245 _aSchaum's Outline of Basic Electrical Engineering
260 _aLondon:
_bMcGraw Hill,
_c1996.
300 _a298p. ;
650 _aElectrical Engineering
856 _uhttp://10.10.170.122:8080/browse/book/26379
_yDownload eBook
942 _cBK
_2ddc